000 00399nam a2200121Ia 4500
008 240731s9999 xx 000 0 und d
022 _a2333-1461
245 0 _aCanadian Journal of Latin American and Caribbean Studies / Revue canadienne des études latino-américaines et caraïbes
260 _bRoutledge
856 _uhttps://www.tandfonline.com/loi/rclc20
942 _2ddc
942 _cTFEJ
999 _c75752
_d75752
945 _a1
_bMadushi Gamage
_c1
_dMadushi Gamage